|
|
|
|
| LEADER |
00000cam a2200000 7i4500 |
| 001 |
0000228330 |
| 005 |
20180918.0 |
| 020 |
|
|
|a 9789830977027
|
| 090 |
0 |
0 |
|a 297.1224045
|b MOH
|
| 100 |
0 |
|
|a Mohd Hazri Hashim, al-Bindany
|
| 245 |
1 |
0 |
|a Syarah Matan Tuhfah Al-Athfal
|c Ustaz Mohd Hazri Hashim, al-Bindany
|
| 260 |
|
|
|a Petaling Jaya :
|b Galeri Ilmu Sdn. Bhd. ,
|c 2018
|
| 300 |
|
|
|a 94p. ;
|c 24cm.
|
| 650 |
|
0 |
|a Quran
|x Readings
|
| 650 |
|
0 |
|a Quran
|x Recitation
|
| 999 |
|
|
|a 00356395
|b BUKU
|c PINJAMAN
|e PERPUSTAKAAN KOMUNITI PETALING JAYA
|
| 999 |
|
|
|a 00372637
|b BUKU
|c PINJAMAN
|e PERPUSTAKAAN KOMUNITI PETALING JAYA
|
| 999 |
|
|
|a 00372638
|b BUKU
|c PINJAMAN
|e PERPUSTAKAAN KOMUNITI CAW KOTA DAMANSARA
|
| 999 |
|
|
|a 00403415
|b BUKU
|c PINJAMAN
|e PERPUSTAKAAN KOMUNITI CAW KOTA DAMANSARA
|